000 00524nam a2200181 i 4500
001 141122
003 ES-MaACL
005 20250806063132.0
007 t|
008 070919s1968 sp ||||1| spa d
100 1 _aRodríguez de Yurre, Gregorio,
_d1913-1989
_998480
245 1 0 _aCivilización y civismo /
_cGregorio R. de Yurre.
260 _aVitoria :
_bEset,
_c1968.
300 _a113 p. ;
_c19 cm.
650 1 4 _aCivilización.
_911079
852 _aES-MaACL
_jC-34452
_bR.65350
999 _c141122
_d141122